[Event "Top 12 FRA-chT 2017"]
[Site "Chartres"]
[Date "2017.05.18"]
[Round "1"]
[White "Gajewski, Grzegorz"]
[Black "Ragger, Markus"]
[Result "0-1"]
[WhiteElo "2634"]
[BlackElo "2680"]
[Annotator "TA"]
[PlyCount "80"]
[EventDate "2017.??.??"]
[EventType "team-tourn"]
[EventCountry "FRA"]
[SourceTitle "playchess.com"]
[Source "ChessBase"]
[SourceQuality "1"]
[WhiteTeam "Mulhouse Philidor"]
[BlackTeam "Bischwiller"]

{[%evp 14,80,19,13,14,30,39,0,0,0,0,-27,-21,-29,-17,-39,-39,-39,-30,-47,-47,-51,0,-53,-46,-102,62,0,0,0,0,0,0,0,0,-105,56,38,56,56,56,56,56,56,57,57,64,46,87,-22,-29,-68,-54,-62,-53,-101,-106,-104,-102,-291,-277,-341,-341,-341,-341,-341,-337,-844,-817]} 1. c4 e5 2. g3 Nc6 3. Bg2 Bc5 4. Nc3 a6 5. e3 (5. Nf3 d6 6. d3 Nf6 7. O-O h6 8. a3 O-O 9. b4 Ba7 10. Bb2 Re8 11. e3 Ne7 12. Nd2 Rb8 13. Nde4 Ng6 14. Rc1 c6 15. c5 Nxe4 16. Nxe4 d5 17. Nd6 Bd7 18. Nxe8 Qxe8 {0-1 (44) Grischuk,A (2754)-Carlsen,M (2857) chess.com INT 2016}) 5... d6 6. Nge2 {A25: English Opening vs King's Indian with ...Nc6 but without early d3} Ba7 7. d4 h5 8. h3 {LiveBook: 8 Games. The position is equal.} h4 9. g4 f5 10. dxe5 $146 (10. Bxc6+ {keeps more tension.} bxc6 11. gxf5 Bxf5 12. e4 exd4 13. Nxd4 Bd7 14. Qd3) ({Predecessor:} 10. d5 Nb8 11. f3 Nh6 12. Qc2 {0-1 (31) De Paula,R (2259)-Matsuura,E (2501) Brasilia 2016}) 10... fxg4 11. exd6 gxh3 12. Bxh3 Bxh3 13. Rxh3 Qd7 14. Rh1 O-O-O 15. dxc7 Qxc7 (15... Qxd1+ $6 16. Nxd1 Kxc7 17. Nf4 $14) 16. Nd5 Ne5 {[%mdl 1024] Black has compensation.} 17. b3 $1 {Hoping for Bb2.} Nf3+ $1 18. Kf1 {aiming for Nd4.} Qe5 $1 {[%cal Re5a1]} 19. Nec3 (19. Nd4 $15 Nxd4 20. exd4) 19... Rf8 $2 (19... Qf5 $1 $17 20. Ne2 Qg4) 20. Bb2 (20. Ba3 $14 Rf7 21. Rh3) 20... Nh2+ $11 21. Rxh2 Qxh2 {[%csl Gf8][%cal Rh2f2]} 22. Qg4+ Kb8 {[%csl Gf8][%cal Rh2f2]} 23. Ne4 $1 $36 {[%mdl 2048] [#] White has good play.} Nf6 $1 {[%mdl 512]} 24. Qf5 {[#]} (24. Nexf6 $11 {remains equal.} gxf6 25. Ke2) (24. Bxf6 gxf6) 24... Rh5 $2 ({Don't blunder} 24... Qh1+ $2 25. Ke2 $18) ({Black should play} 24... Bd4 $1 $17 {[%mdl 512] ( -> ...Nxe4)} 25. Bxd4 Nxe4 26. Qe5+ Qxe5 27. Bxe5+ Ka8) 25. Qf3 $14 {[%cal Rd5f6]} Nd7 26. Qxh5 Qh1+ 27. Ke2 Qxe4 28. Rc1 {Strongly threatening f3.} g6 29. f3 Qxe3+ $1 30. Nxe3 gxh5 {[#]} 31. Nd5 (31. Rh1 $1 $16) 31... Rg8 $11 32. Ba3 Rg2+ 33. Kd3 Ne5+ 34. Kc3 {And now Bd6+ would win.} Nxf3 35. Bd6+ Kc8 36. c5 $2 {[#]} (36. Rf1 $17 Rf2 37. Rh1) 36... h3 $1 $19 ({Weaker is} 36... Rxa2 37. Rf1 $11) 37. Nf4 Rg1 ({Less strong is} 37... Rxa2 38. Nxh3 Ra5 39. Ng1 $17) 38. Rxg1 Nxg1 39. Nxh5 {[#]} Bxc5 $1 {[%mdl 512]} 40. Bxc5 $2 (40. Bg3) 40... Ne2+ {Precision: White = 36%, Black = 67%.} 0-1

[Event "Top 12 FRA-chT 2017"]
[Site "Chartres"]
[Date "2017.05.18"]
[Round "1"]
[White "Gharamian, Tigran"]
[Black "Bachmann, Axel"]
[Result "1/2-1/2"]
[WhiteElo "2626"]
[BlackElo "2646"]
[Annotator "TA"]
[PlyCount "32"]
[EventDate "2017.??.??"]
[EventType "team-tourn"]
[EventCountry "FRA"]
[SourceTitle "playchess.com"]
[Source "ChessBase"]
[SourceQuality "1"]
[WhiteTeam "Nice Alekhine"]
[BlackTeam "Bois-Colombes"]

{[%evp 12,32,33,41,40,44,57,10,31,9,35,24,27,33,31,25,19,33,31,0,14,0,16]} 1. e4 d6 2. d4 Nf6 3. Nc3 g6 4. Bg5 c6 5. Qd2 Bg7 6. Bh6 Bxh6 7. Qxh6 e5 {B07: Pirc Defence: Miscellaneous Systems} (7... Qa5 8. Bd3 c5 9. d5 Nbd7 10. Nf3 c4 11. Bxc4 Qc5 12. Bd3 Qxf2+ 13. Kxf2 Ng4+ 14. Kg3 Nxh6 15. Rhe1 O-O 16. e5 dxe5 17. Nxe5 {1-0 (39) Vachier Lagrave,M (2768)-Peralta,F (2574) Tromsoe 2014}) 8. O-O-O {Strongly threatening dxe5.} Qe7 9. h3 Nbd7 10. Nf3 a6 11. Bd3 b5 12. Rhe1 Bb7 13. Kb1 Ng8 $146 ({Predecessor:} 13... O-O-O 14. a3 Nb6 15. Bf1 Rhe8 16. g3 exd4 17. Nxd4 {0-1 (52) Ter Sahakyan,S (2486)-Kalashian,D (2427) Gyumri 2009}) 14. Qe3 Ngf6 15. Qh6 Ng8 16. Qe3 Ngf6 {Precision: White = 56%, Black = 80%.} 1/2-1/2

[Event "Top 12 FRA-chT 2017"]
[Site "Chartres"]
[Date "2017.05.18"]
[Round "1"]
[White "Maze, Sebastien"]
[Black "Ider, Borya"]
[Result "1/2-1/2"]
[WhiteElo "2619"]
[BlackElo "2456"]
[Annotator "TA"]
[PlyCount "31"]
[EventDate "2017.??.??"]
[EventType "team-tourn"]
[EventCountry "FRA"]
[SourceTitle "playchess.com"]
[Source "ChessBase"]
[SourceQuality "1"]
[WhiteTeam "Bischwiller"]
[BlackTeam "Mulhouse Philidor"]

{[%evp 16,31,-21,-5,-1,-19,0,0,0,0,0,0,0,0,0,0,0,0]} 1. Nf3 d5 2. g3 Nf6 3. Bg2 e6 4. c4 dxc4 5. O-O a6 6. a4 Nc6 {[%cal Bb8c6,Bc6a5,Ba5b3,Bb3a1][%mdl 32]} 7. Na3 {A13: English Opening: 1...e6} Na5 (7... Bxa3 8. bxa3 e5 9. Bb2 Qd6 10. Qc2 Be6 11. Ng5 Bd5 12. e4 Be6 13. Rac1 Rd8 14. Nxe6 Qxe6 {0-1 (39) Ponkratov,P (2607)-Matlakov,M (2694) Tallinn 2016}) 8. Qc2 Qd5 9. Rd1 {LiveBook: 17 Games. The position is equal.} Bd6 10. d4 $146 ({Predecessor:} 10. d3 cxd3 11. Rxd3 Qc5 12. Qd1 O-O 13. Bd2 Qh5 14. Rd4 Nc6 {1-0 (55) Mueer,S (2216)-Spalir,J (2364) Pardubice 2016}) 10... Qe4 (10... cxd3 $5 11. Rxd3 Qh5 $11) 11. Qc3 Nb3 12. Qxc4 Nxa1 13. Nh4 $1 Qg4 {[#] Hoping for ...e5.} 14. Bf3 $1 {[%cal Rf3g4]} Qh3 {aiming for ...e5.} 15. Bg2 $1 {[%cal Rg2h3]} Qg4 {Strongly threatening ...e5.} 16. Bf3 $1 1/2-1/2

[Event "Top 12 FRA-chT 2017"]
[Site "Chartres"]
[Date "2017.05.18"]
[Round "1"]
[White "Neiksans, Arturs"]
[Black "Flear, Glenn C"]
[Result "1/2-1/2"]
[WhiteElo "2599"]
[BlackElo "2439"]
[Annotator "TA"]
[PlyCount "82"]
[EventDate "2017.??.??"]
[EventType "team-tourn"]
[EventCountry "FRA"]
[SourceTitle "playchess.com"]
[Source "ChessBase"]
[SourceQuality "1"]
[WhiteTeam "Saint Quentin"]
[BlackTeam "Montpellier"]

{[%evp 9,82,3,15,15,28,22,24,26,27,25,33,38,32,28,22,20,26,27,37,18,24,29,23,3,9,8,0,0,0,0,0,0,0,0,0,0,0,0,0,0,11,7,10,0,0,0,13,13,8,0,0,0,0,0,0,0,0,0,0,0,0,0,25,0,0,0,0,0,0,0,0,0,0,0,0]} 1. Nf3 d5 2. g3 Bg4 3. Bg2 Nd7 4. O-O c6 5. h3 Bh5 6. d4 {A07: Réti Opening: New York and Capablanca Systems} e6 7. c4 Ngf6 (7... Be7 8. Nc3 dxc4 9. b3 cxb3 10. Qxb3 Ngf6 11. Qxb7 O-O 12. Bf4 Qa5 {½-½ (41) Eljanov,P (2751)-So,W (2822) Shamkir 2017}) 8. cxd5 {White has an edge.} cxd5 9. Nc3 Bd6 10. Qb3 Qb6 11. Qxb6 (11. e4 $5) 11... Nxb6 12. Ne5 Rc8 $146 ({Predecessor:} 12... Bb4 13. g4 Bxc3 14. bxc3 {1-0 (62) Zelovic,V (2374)-Szczepaniak,A (2302) ICCF email 2008}) 13. Bf4 {Threatens to win with g4.} Bb8 14. Rac1 O-O 15. g4 Bg6 $1 16. Nxg6 hxg6 17. Bxb8 Rxb8 18. g5 Ne8 19. e4 dxe4 20. Nxe4 Rd8 21. Nc5 Nd6 22. Nxb7 Nxb7 23. Bxb7 Rxd4 24. Rfd1 Rfd8 (24... Ra4 {feels hotter.} 25. a3 Ra5 26. Kf1 Rb8 27. Rc7 Rxg5 28. b4 Rh5) 25. Rxd4 Rxd4 $11 {[%mdl 4096] Endgame KRB-KRN} 26. Rc2 Kf8 27. Kg2 f6 28. b3 fxg5 29. Bf3 Ke7 30. Rc5 Kf6 31. Ra5 Rd7 32. Kf1 Rc7 33. Ke1 Nd7 34. Kd2 Ne5 35. Be2 Nc6 36. Ra4 Rd7+ {The position is equal.} 37. Ke3 Ne7 38. Bc4 Nf5+ 39. Kf3 Nd6 40. Ke3 Nf5+ 41. Kf3 Nd6 {Precision: White = 73%, Black = 62%.} 1/2-1/2

[Event "Top 12 FRA-chT 2017"]
[Site "Chartres"]
[Date "2017.05.18"]
[Round "1"]
[White "Istratescu, Andrei"]
[Black "Edouard, Romain"]
[Result "1/2-1/2"]
[WhiteElo "2596"]
[BlackElo "2640"]
[Annotator "TA"]
[PlyCount "41"]
[EventDate "2017.??.??"]
[EventType "team-tourn"]
[EventCountry "FRA"]
[SourceTitle "playchess.com"]
[Source "ChessBase"]
[SourceQuality "1"]
[WhiteTeam "Mulhouse Philidor"]
[BlackTeam "Bischwiller"]

{[%evp 13,34,20,18,17,28,23,35,24,23,22,26,20,28,28,22,23,28,23,16,19,28,26,17]} 1. d4 Nf6 2. c4 e6 3. Nf3 d5 4. Nc3 c5 5. cxd5 cxd4 6. Qxd4 exd5 7. e4 Nc6 8. Bb5 {[%cal Re4d5] D41: Queen's Gambit Declined: Semi-Tarrasch with 5 cxd5} dxe4 9. Qxd8+ Kxd8 10. Ng5 {White is slightly better.} Be6 11. O-O (11. Bxc6 bxc6 12. Nxe6+ fxe6 13. Ke2 Bb4 14. Na4 Kc7 15. Bf4+ Bd6 {½-½ (32) So,W (2808)-Wei,Y (2706) Wijk aan Zee 2017}) 11... Bb4 12. Ncxe4 Nxe4 13. Nxe4 Ke7 14. Be3 Rhd8 15. Bxc6 bxc6 16. a3 Bd6 17. Nxd6 Kxd6 {[#]} {Predecessor:} 18. Rfd1+ $146 Kc7 19. Rxd8 Kxd8 20. f3 a5 21. Kf2 {½-½ (21) Saric,A (2563)-Brkic,A (2602) Opatija 2015} 1/2-1/2

[Event "Top 12 FRA-chT 2017"]
[Site "Chartres"]
[Date "2017.05.18"]
[Round "1"]
[White "Van Foreest, Jorden"]
[Black "Wirig, Anthony"]
[Result "1-0"]
[WhiteElo "2595"]
[BlackElo "2486"]
[Annotator "TA"]
[PlyCount "89"]
[EventDate "2017.??.??"]
[EventType "team-tourn"]
[EventCountry "FRA"]
[SourceTitle "playchess.com"]
[Source "ChessBase"]
[SourceQuality "1"]
[WhiteTeam "Clichy"]
[BlackTeam "Grasse Echecs"]

{[%evp 9,89,18,15,6,24,4,26,0,44,-5,93,111,145,31,34,27,29,25,30,25,27,20,15,-2,36,39,164,164,170,158,166,159,173,167,163,98,123,104,112,137,134,127,133,94,94,94,94,94,157,151,151,150,153,154,154,151,151,150,157,150,149,149,149,113,221,8,143,81,3813,3821,852,674,2386,2386,1989,1839,4670,2773,1762,1420,1680,1510]} 1. d4 Nf6 2. Nf3 d5 3. Bf4 c5 4. e3 Nc6 5. Nbd2 cxd4 {LiveBook: 53 Games} (5... e6 6. c3 cxd4 7. exd4 Nh5 8. Bg5 f6 9. Be3 Bd6 10. g3 O-O 11. Bg2 f5 12. Ne5 f4 13. Qxh5 fxe3 14. fxe3 Nxe5 15. dxe5 {½-½ (56) Giri,A (2771)-So,W (2794) London 2016}) 6. exd4 {D02: 1 d4 d5 2 Nf3 sidelines, including 2...Nf6 3 g3 and 2...Nf6 3 Bf4} Bf5 7. Bb5 Qb6 8. c4 {White has an edge.} a6 (8... dxc4 $5 {[%cal Rb6b5]} 9. a4 e6 $11) 9. Ba4 $146 (9. Bxc6+ $5 bxc6 10. Qb3 Qxb3 11. axb3 $14) ({Predecessor:} 9. Bxc6+ bxc6 10. O-O e6 11. Ne5 Nd7 12. c5 Qxb2 13. Nxc6 {0-1 (50) Dhulipalla,B (2316)-Bakre,T (2450) Lucknow 2016}) 9... Rc8 (9... Qxb2 $11 10. Bxc6+ bxc6) 10. O-O $16 e6 11. Qb3 ({White has to play} 11. c5 $1 $16 {[%cal Rc5b6]} Qb4 12. Re1) 11... Qxb3 $14 12. axb3 Bb4 13. Ne5 {aiming for Bxc6+.} a5 14. Ndf3 O-O 15. Bxc6 bxc6 16. c5 Rfd8 17. Bd2 Nd7 (17... Bxd2 $1 $14 18. Nxd2 Ne4 19. Nxe4 Bxe4) 18. Bxb4 $18 axb4 19. Ra7 Nxe5 20. Nxe5 f6 21. Nf7 Ra8 22. Nxd8 (22. Rfa1 $1 $18 Rxa7 23. Rxa7) 22... Rxa7 $16 23. Nxc6 $18 {[%mdl 4096] Endgame KRB-KRN} Rc7 24. Nxb4 Rb7 25. Nc6 {b4 is the strong threat.} Rxb3 26. Ne7+ Kf7 27. Nxf5 exf5 $16 {KR-KR} 28. Rb1 $1 Rb4 ({Black should play} 28... f4) 29. Kf1 $1 Rxd4 30. b4 $1 {[%cal Bb2b4,Bb4b5,Bb5b6,Bb6b7][%mdl 32] Black must now prevent b5.} Rc4 31. b5 Rxc5 32. b6 {Threatens to win with b7.} Rc8 33. Ke2 {[%mdl 1024] White has strong compensation.} Rb8 34. Kd3 Ke6 35. Kd4 Kd6 36. b7 $1 Kc6 (36... f4 $16 {was worth a try.}) 37. Rb2 $2 ({Better is} 37. f4 $1 $18 Kd6 38. Rb2) 37... Kd6 {[#]} ({Don't capture} 37... Rxb7 $2 38. Rxb7 Kxb7 39. Kxd5 $18) (37... f4 $1 $11 {remains equal.}) 38. h4 (38. g3 $142 $1) 38... h5 $2 {[%mdl 8192]} (38... f4 $16) 39. f4 $18 {White is clearly winning.} Kc6 40. Rb3 Kd6 {If Black can now play ...Kc6 this consolidates a bit.} 41. Rb5 Kc6 42. Rc5+ Kd6 43. Rxd5+ Kc6 {[#]} 44. Rc5+ $1 Kb6 45. Kc4 {Precision: White = 68%, Black = 26%.} ({Not} 45. Rxf5 Rxb7 46. Rxh5 Re7 $16) 1-0

[Event "Top 12 FRA-chT 2017"]
[Site "Chartres"]
[Date "2017.05.18"]
[Round "1"]
[White "Baklan, Vladimir"]
[Black "Stephan, Victor"]
[Result "1-0"]
[WhiteElo "2594"]
[BlackElo "2365"]
[Annotator "TA"]
[PlyCount "123"]
[EventDate "2017.??.??"]
[EventType "team-tourn"]
[EventCountry "FRA"]
[SourceTitle "playchess.com"]
[Source "ChessBase"]
[SourceQuality "1"]
[WhiteTeam "Strasbourg"]
[BlackTeam "Lisieux"]

{[%evp 12,123,22,11,23,34,34,28,37,38,29,-4,45,5,27,25,22,22,22,23,27,17,56,24,77,78,75,52,61,58,62,64,77,13,101,43,78,74,76,44,52,45,50,39,45,52,45,11,15,0,0,0,0,0,0,0,10,13,23,15,22,0,0,0,5,0,5,-22,0,0,0,0,6,8,8,6,32,32,32,32,32,12,13,13,41,62,90,20,28,4,4,3,6,5,5,-17,-12,-13,0,2,25,25,25,84,415,401,4960,4952,5065,5668,5077,869,29956,29948]} 1. e4 {[%cal Be2e4,Be4e5][%mdl 32]} c5 2. Nf3 Nf6 3. e5 Nd5 4. g3 Nc6 5. Bg2 d6 6. exd6 e6 7. O-O Bxd6 {B29: Sicilian: 2 Nf3 Nf6 (Nimzowitsch Variation)} 8. d4 O-O 9. dxc5 Bxc5 {White has an edge.} 10. Qe2 Qe7 11. Nbd2 Nf6 $146 ({Predecessor:} 11... e5 12. Ne4 Bb6 13. Rd1 f5 14. Neg5 Nf6 15. Nh4 {½-½ (50) Yemelin,V (2556)-Kantans,T (2467) Sastamala 2014}) 12. Nb3 Bb6 13. Ne5 Nxe5 14. Qxe5 Ng4 15. Qe2 e5 16. a4 {[%cal Ba2a4,Ba4a5][%mdl 32]} a6 17. a5 Ba7 (17... Bc7 $11 {remains equal.}) 18. h3 $1 $16 {[%cal Rh3g4]} Nf6 19. Re1 Re8 20. Be3 Bxe3 21. Qxe3 Bf5 22. c3 (22. Nc5 $16) 22... e4 (22... Rac8 $11) 23. Qc5 (23. g4 $1 $16 {[%cal Rg4f5]} Be6 24. Nc5) 23... Be6 24. Qxe7 Rxe7 25. Nd4 (25. Nc5 {looks sharper.} Bd5 26. Rad1 g6 27. b4 Kg7 28. Rd4) 25... Rae8 26. Nxe6 Rxe6 27. Rad1 g6 28. Rd4 b6 29. Ra4 Rd8 30. axb6 Rxb6 31. Re2 Rd1+ 32. Kh2 Rb1 33. Ra2 Rc1 34. g4 g5 35. Kg3 Rg1 36. Ra5 h6 37. Rc2 Rb1 38. Ra2 Kg7 39. c4 Rd1 40. c5 Rc6 $1 41. Ra4 Rd3+ 42. Kh2 {Threatens to win with Rxe4.} Rd5 43. b4 {And now Bf1 would win.} Rd4 44. Bf1 Nd5 45. Bc4 Nc7 46. Ra3 Kf6 47. f3 Ke5 48. fxe4 Rxe4 {[#]} 49. Rf3 (49. Rd3 $1 $16) 49... Rf6 $11 50. Rxf6 Kxf6 {[%mdl 4096] Endgame KRB-KRN} 51. Rf2+ Ke5 $132 {[%mdl 2048] Black is not keeping still} 52. Rf5+ Kd4 53. Bxf7 (53. Bf1 $5 {[%cal Rf5f7]}) 53... Kc3 54. Rf6 Kxb4 (54... Re7 $5 {[%cal Rc3b4]}) 55. Rxh6 Kxc5 56. Rh5 Re2+ 57. Kg3 ({Better is} 57. Kh1 $11) 57... Re5 $2 {[%mdl 8192]} (57... Re3+ $16 58. Kg2 Re5) 58. h4 $18 gxh4+ {[#]} (58... Re3+ $142 59. Kf2 Re7) 59. Kf4 $1 {[%cal Rf4e5]} Rxh5 60. gxh5 {[%cal Bg4h5,Bh5h6][%mdl 32]} h3 61. Kg3 Nb5 62. h6 {Precision: White = 63%, Black = 42%.} 1-0

[Event "Top 12 FRA-chT 2017"]
[Site "Chartres"]
[Date "2017.05.18"]
[Round "1"]
[White "Cornette, Matthieu"]
[Black "Stevic, Hrvoje"]
[Result "0-1"]
[WhiteElo "2593"]
[BlackElo "2600"]
[Annotator "TA"]
[PlyCount "76"]
[EventDate "2017.??.??"]
[EventType "team-tourn"]
[EventCountry "FRA"]
[SourceTitle "playchess.com"]
[Source "ChessBase"]
[SourceQuality "1"]
[WhiteTeam "Bois-Colombes"]
[BlackTeam "Nice Alekhine"]

{[%evp 22,76,33,27,43,18,24,25,31,10,43,54,50,9,11,-70,-77,-90,-80,-91,-82,-100,-56,-145,-128,-149,-92,-88,-93,-81,-87,-88,-79,-131,-138,-133,-135,-142,-135,-356,-339,-381,-122,-122,-129,-262,-67,-325,-292,-572,-578,-567,-517,-1149,-1141,-1016,-972]} 1. e4 e5 2. Nf3 Nc6 3. Bc4 Nf6 4. d3 Be7 5. O-O O-O 6. Re1 d6 7. a4 Na5 8. Ba2 {C55: Two Knights: 4 d3, 4 d4 exd4 5 e5 and Max Lange Attack} c5 9. c3 (9. Nbd2 Be6 10. Bxe6 fxe6 11. c3 Nc6 12. Nf1 Ne8 13. Ng3 Nc7 14. Bd2 a6 15. Qe2 Qd7 {1-0 (39) Carlsen,M (2840)-Pavasovic,D (2548) chess.com INT 2017}) 9... Nc6 10. Na3 h6 11. Bd2 a6 12. h3 {LiveBook: 8 Games} Re8 13. Nc2 Be6 14. Bxe6 fxe6 {[#]} 15. d4 $146 ({Predecessor:} 15. b4 cxb4 16. Nxb4 Nxb4 17. cxb4 {½-½ (59) Antal,G (2547)-Trepat Herranz,J (2370) Barcelona 2017}) 15... c4 16. Qe2 Rc8 17. dxe5 Nxe5 18. Ncd4 (18. Red1 $11) 18... Nd3 $1 $15 19. Reb1 e5 $1 {[%cal Re5d4]} 20. Nf5 d5 21. exd5 Qxd5 22. b3 (22. Be3 $15) 22... cxb3 $17 {...b2 is the strong threat.} 23. Ne3 Qf7 (23... Qe4 $142 24. Rxb3 Nf4) 24. Qxd3 e4 25. Qe2 {Black must now prevent Nd4.} exf3 26. Qxf3 Bc5 27. Nf1 ({White should try} 27. Rb2) 27... Rf8 $36 {[%mdl 2048] Keeping White busy.} 28. Be1 Rce8 29. Nd2 Re5 30. Rxb3 $2 (30. Nxb3 $17 {was worth a try.} Rxe1+ 31. Rxe1 Qxb3 32. Re5) 30... Qe6 $19 31. Qd1 Ne4 $2 (31... Nh5 $19 {is more deadly.} 32. Rbb1 Rxe1+ $1 {[%mdl 512]} 33. Qxe1 Qg6) 32. Nxe4 $17 Rxe4 33. Rxb7 {[#]} (33. Rbb1 $17) 33... Re2 $2 ({Black should play} 33... Rxe1+ $1 $19 {[%mdl 512]} 34. Qxe1 Qxe1+ 35. Rxe1 Bxf2+ 36. Kf1 Bg3+ 37. Ke2 Re8+ 38. Kd3 Bxe1) 34. Rab1 $2 {[%mdl 8192]} (34. Kh1 $15) 34... Re8 35. Bd2 $2 (35. Rb8 {is a better defense.} Rxe1+ 36. Qxe1 Qxe1+ 37. Rxe1 Rxb8 38. Re6) 35... Rxf2 $19 {( -> ...Rf1+!). Black is clearly winning.} 36. Kh1 Qg6 {[%csl Gf2][%cal Rg6g2]} 37. Qb3+ (37. Qg4 $142 Qxg4 38. hxg4 Rxd2 39. Rb8) 37... Kh7 {[%csl Gf2][%cal Rg6g2]} 38. Qd5 {[#]} Re5 $1 {[%mdl 512] Precision: White = 20%, Black = 57%.} 0-1

[Event "Top 12 FRA-chT 2017"]
[Site "Chartres"]
[Date "2017.05.18"]
[Round "1"]
[White "Degraeve, Jean-Marc"]
[Black "Touzane, Olivier"]
[Result "1-0"]
[WhiteElo "2592"]
[BlackElo "2277"]
[Annotator "TA"]
[PlyCount "69"]
[EventDate "2017.??.??"]
[EventType "team-tourn"]
[EventCountry "FRA"]
[SourceTitle "playchess.com"]
[Source "ChessBase"]
[SourceQuality "1"]
[WhiteTeam "Saint Quentin"]
[BlackTeam "Montpellier"]

{[%evp 19,69,3,8,13,8,17,38,28,43,12,12,12,12,12,14,12,25,0,8,-38,-10,-12,6,0,26,0,145,136,135,133,148,143,156,161,157,145,303,289,432,422,435,436,407,408,388,337,716,695,679,683,29997,29979]} 1. e4 e6 2. d4 d5 3. Nd2 h6 4. Ngf3 Nf6 5. Bd3 c5 6. c3 Nc6 7. O-O cxd4 8. cxd4 dxe4 9. Nxe4 Be7 10. a3 O-O 11. Bc2 {C03: French Tarrasch: Unusual Black 3rd moves} Nxe4 12. Bxe4 Qd6 13. Be3 $146 {White is slightly better.} ({Predecessor:} 13. Ne5 Bf6 14. Nxc6 bxc6 15. Be3 Ba6 16. Re1 Bc4 17. Bxh6 gxh6 18. Qc1 Bd5 19. Qxh6 Bxe4 20. Qxf6 {0-1 (36) Vavra,P (2367)-Meister,P (2398) Germany 2009}) 13... f5 14. Bxc6 Qxc6 15. Ne5 Qd5 16. Ng6 Rf7 17. Bf4 Bd7 18. Be5 Bg5 19. f4 Bd8 20. Rf3 Bb6 21. Rg3 Kh7 22. Qh5 (22. Kh1 $5 {[%cal Rd1h5]} Be8 23. Qh5 $11) 22... Bxd4+ (22... Be8 $1 $11) 23. Kh1 $16 Bxe5 24. Nxe5 Rf6 25. Rd1 $40 {[%cal Ba1d1,Bd1d5,Bd5d7][%mdl 160] White attacks with force.} Be8 26. Rxd5 {[#] Strongly threatening Rd7.} Bxh5 27. Rd7 Bg6 $2 (27... Rg8 $16 28. Rxb7 a6) 28. Rxb7 $18 Rd8 {[#]} (28... a6 $142 29. h3 a5) 29. h4 $1 h5 30. Rxa7 Rd4 31. Rf3 Rf8 32. Kh2 Rd2 $2 (32... Be8 33. Rb7 Re4) 33. Rg3 Rf6 34. Ra8 ({Not} 34. Nxg6 Rxg6 35. b4 Rxg3 $16) 34... Kh6 35. Rxg6+ {Precision: White = 68%, Black = 41%.} 1-0

[Event "Top 12 FRA-chT 2017"]
[Site "Chartres"]
[Date "2017.05.18"]
[Round "1"]
[White "Solodovnichenko, Yuri"]
[Black "Malakhov, Vladimir"]
[Result "1/2-1/2"]
[WhiteElo "2576"]
[BlackElo "2712"]
[Annotator "TA"]
[PlyCount "59"]
[EventDate "2017.??.??"]
[EventType "team-tourn"]
[EventCountry "FRA"]
[SourceTitle "playchess.com"]
[Source "ChessBase"]
[SourceQuality "1"]
[WhiteTeam "Vandoeuvre"]
[BlackTeam "Tremblay-En-France"]

{[%evp 9,59,21,16,0,-8,-23,-21,-16,14,14,14,14,14,14,12,9,8,7,13,7,11,11,8,7,16,16,12,11,8,7,23,23,23,23,23,23,23,23,29,29,30,25,26,20,27,18,24,0,12,0,15,0]} 1. e4 e5 2. Nf3 Nc6 3. Bb5 Nf6 4. O-O Nxe4 5. Re1 Nd6 6. Ba4 {C67: Ruy Lopez: Berlin Defence: 4 0-0 Nxe4} (6. Nxe5 Be7 7. Bf1 Nxe5 8. Rxe5 O-O 9. d4 Ne8 10. d5 Bc5 11. Re1 d6 12. Nc3 Bf5 13. Bd3 Qh4 14. g3 Qh3 15. Ne4 Bxe4 16. Rxe4 Bxf2+ 17. Kxf2 Qxh2+ {1-0 (58) Karjakin,S (2783)-Eljanov,P (2751) Shamkir 2017}) 6... Be7 {[#] Hoping for ...b5.} 7. Nc3 O-O 8. d4 e4 (8... Nxd4 {with more complications.} 9. Nxe5 N6f5 10. Nd5 Bf6 11. Ng4 Bh4) 9. Nxe4 Nxe4 10. Rxe4 d5 11. Re1 Bd6 $146 ({Predecessor:} 11... Bf5 12. Bf4 Bd6 13. Qd2 a5 {½-½ (38) Ruettinger,M-Weingaertner,I ICCF email 2007}) 12. c3 Ne7 13. Bc2 Bf5 14. Bxf5 Nxf5 15. Qb3 Rb8 16. Bg5 Qd7 17. Ne5 Bxe5 18. Rxe5 c6 {[#] Threatens to win with ...f6.} 19. Qc2 Nxd4 (19... Nd6 $5 {[%cal Rf7f6]} 20. Be7 Rfe8 21. Bxd6 Qxd6 $11) 20. cxd4 {aiming for Re7.} f6 21. Bxf6 Rxf6 22. Qe2 Rbf8 23. f3 Qc7 24. Rd1 Qb6 25. b3 a5 26. Re7 R8f7 27. Re8+ Rf8 28. Re7 R8f7 29. Re8+ Rf8 30. Re7 {Precision: White = 65%, Black = 79%.} 1/2-1/2